[Event "ICS Rated blitz match"]
[Site "164.58.253.13"]
[Date "1999.03.22"]
[Round "?"]
[White "blik"]
[Black "Hossa"]
[Result "1/2-1/2"]
[WhiteElo "2283"]
[BlackElo "2057"]
[PlyCount "215"]

1. e4 c5 2. Nf3 Nc6 3. Nc3 Nf6 4. Bb5 a6 5. Bxc6 dxc6 6. O-O Bg4 7. h3 Bxf3 8.
Qxf3 e6 9. d3 Be7 10. Qg3 O-O 11. Be3 Qb6 12. Rfb1 Qb4 13. Qc7 Bd8 14. Qd6 Qa5
15. Qxc5 Qc7 16. d4 Be7 17. Qc4 Rad8 18. a4 Qb6 19. b4 Rd7 20. Rb2 a5 21. b5
cxb5 22. Rxb5 Qc7 23. Qb3 Rc8 24. Bd2 Bb4 25. Rxb4 axb4 26. Qxb4 Qc4 27. Qxc4
Rxc4 28. e5 Rdxd4 29. Be3 Rh4 30. Rd1 Ne8 31. Rd8 Kf8 32. Nb5 Ke7 33. Rb8 f6
34. g3 Rhe4 35. Rxb7+ Kf8 36. exf6 gxf6 37. Rxh7 Rxa4 38. Bh6+ Kg8 39. Re7 Ra8
40. Kg2 Rc4 41. Rxe6 Rxc2 42. Nd4 Rc4 43. Nf5 Kh7 44. Re7+ Kg6 45. g4 Rc7 46.
Rxc7 Nxc7 47. h4 Nd5 48. h5+ Kf7 49. Kg3 Ne7 50. Nd6+ Ke6 51. Nb7 Rh8 52. Be3
Kd5 53. Nc5 f5 54. f3 Kc4 55. Nb7 Nc8 56. Kf4 Ne7 57. Nd6+ Kd5 58. Nxf5 Rf8 59.
h6 Nxf5 60. gxf5 Re8 61. Bb6 Rh8 62. Kg5 Rg8+ 63. Kh4 Ke5 64. f6 Rf8 65. Kg5
Rg8+ 66. Kh5 Kxf6 67. h7 Re8 68. Bd4+ Kf5 69. Be3 Rf8 70. Kh6 Rc8 71. Bg5 Rh8
72. Bd2 Rd8 73. Bc1 Rd6+ 74. Kh5 Rd8 75. Be3 Rf8 76. Bd2 Rb8 77. Bc1 Rd8 78.
Bb2 Kf4 79. Bf6 Re8 80. Bg7 Kxf3 81. Kg5 Kg3 82. Kg6 Kh3 83. Bf6 Kg4 84. Bg7
Kh3 85. Bf6 Kg4 86. Kf7 Rc8 87. Bg7 Kh3 88. Bf8 Rc7+ 89. Be7 Rc8 90. Kg7 Kg4
91. Kg6 Rh8 92. Bg5 Kh3 93. Bf4 Kh4 94. Bg5+ Kg4 95. Be3 Kh4 96. Bg5+ Kg4 97.
Be3 Kh4 98. Bf2+ Kg4 99. Bb6 Kh3 100. Be3 Kg4 101. Bg5 Kh3 102. Bf4 Kh4 103.
Kh6 Kg4 104. Bd6 Kh4 105. Be7+ Kg4 106. Kg6 Kf4 107. Bf6 Rxh7 108. Kxh7 {
Neither player has mating material} 1/2-1/2

[Event "ICS Rated blitz match"]
[Site "164.58.253.13"]
[Date "1999.03.22"]
[Round "?"]
[White "Hossa"]
[Black "POWERHOUSE"]
[Result "1/2-1/2"]
[WhiteElo "2063"]
[BlackElo "2128"]
[PlyCount "183"]

1. e4 e6 2. d4 d5 3. Nc3 Bb4 4. exd5 Bxc3+ 5. bxc3 exd5 6. Nf3 Nf6 7. Ba3 Ne4
8. Nd2 Be6 9. Nxe4 dxe4 10. Qb1 b6 11. Qb5+ Nd7 12. Qc6 a5 13. Qxe4 c5 14. Bd3
Ra7 15. O-O a4 16. Rfe1 Qg5 17. Bc4 O-O 18. Bxe6 fxe6 19. Qxe6+ Kh8 20. Re2 Rc7
21. Rb1 Qh5 22. d5 Qh4 23. Qe4 Qxe4 24. Rxe4 Nf6 25. Re5 Rcf7 26. f3 Nd7 27.
Re3 Rf4 28. Bc1 Nf6 29. g3 Rc4 30. Rd3 Re8 31. Bd2 Nd7 32. Kf2 Re5 33. Re3 Rxe3
34. Kxe3 Kg8 35. a3 Kf7 36. Kd3 Ne5+ 37. Ke2 Nd7 38. f4 Re4+ 39. Kf3 Rc4 40.
Ke3 Nf6 41. Be1 Re4+ 42. Kf3 Ke7 43. h4 Rc4 44. d6+ Kxd6 45. Rxb6+ Kd5 46. g4
Re4 47. g5 Rxe1 48. gxf6 gxf6 49. Ra6 Rc1 50. Ke3 Rh1 51. Rxf6 Rh3+ 52. Kd2
Rxh4 53. f5 Rh2+ 54. Kc1 Rh1+ 55. Kb2 Rf1 56. Ra6 Rf4 57. f6 h6 58. Ra5 Rxf6
59. Rxa4 Rb6+ 60. Kc1 Rg6 61. Rh4 Rb6 62. a4 Re6 63. Kd2 Rf6 64. c4+ Kd6 65. a5
Kd7 66. Rh5 Kc6 67. Ke3 Re6+ 68. Kf4 Rd6 69. a6 Kb6 70. Ke5 Rd4 71. Rxh6+ Ka7
72. Rh3 Rxc4 73. c3 Kxa6 74. Rd3 Kb5 75. Kd5 Rg4 76. Rf3 Rg1 77. c4+ Kb4 78.
Rf4 Rd1+ 79. Ke5 Kc3 80. Re4 Rd3 81. Rf4 Rd2 82. Re4 Rd1 83. Rf4 Rd3 84. Re4
Rd2 85. Rf4 Kb4 86. Rh4 Kc3 87. Re4 Kb3 88. Rg4 Rd7 89. Rf4 Kb4 90. Rh4 Rd2 91.
Rf4 Kc3 92. Re4 {Game drawn by repetition} 1/2-1/2

[Event "ICS Rated blitz match"]
[Site "164.58.253.13"]
[Date "1999.03.22"]
[Round "?"]
[White "POWERHOUSE"]
[Black "Hossa"]
[Result "0-1"]
[WhiteElo "2127"]
[BlackElo "2065"]
[PlyCount "204"]

1. d4 Nf6 2. c4 g6 3. Nc3 Bg7 4. e4 d6 5. f3 O-O 6. Be2 e5 7. d5 Nh5 8. Be3 Nf4
9. Bf1 Bd7 10. Qb3 b6 11. Bxf4 exf4 12. O-O-O Na6 13. Nge2 Nc5 14. Qc2 f5 15.
Nd4 fxe4 16. fxe4 Re8 17. b4 Na6 18. a3 Rc8 19. Qd2 Qf6 20. Be2 Qg5 21. Bf3 Qe5
22. Rhf1 Nb8 23. b5 a6 24. Qe2 axb5 25. cxb5 Qg5 26. Qc4 Qh4 27. h3 Qe7 28. Kb2
Be5 29. Rd2 Qf7 30. Qb4 Re7 31. Rff2 Rce8 32. Qc4 Qf6 33. Kb1 Bc8 34. Qa4 Nd7
35. Rd1 Nc5 36. Qc4 Bd7 37. Ka2 Kh8 38. Rc2 Ra8 39. Qb4 Ra5 40. Rcd2 Re8 41.
Be2 Rea8 42. Bf3 Be8 43. Bg4 Qg7 44. Be6 Nxe6 45. dxe6 Bxd4 46. Qxd4 Rxa3+ 47.
Kb2 g5 48. Qxg7+ Kxg7 49. Rf1 R3a5 50. Rd5 Kf6 51. Rf5+ Kxe6 52. Rxg5 c5 53.
Rg7 Bxb5 54. Rxf4 Bc4 55. Rxh7 Rg8 56. g4 b5 57. Rff7 b4 58. Re7+ Kf6 59. Nd5+
Bxd5 60. exd5 Kg5 61. Rh5+ Kf4 62. Rh6 Rd8 63. Rf6+ Kg3 64. Re3+ Kh4 65. Ref3
Ra7 66. Re6 Rh7 67. Kb3 Rhh8 68. Kc4 Rd7 69. Rg6 Re8 70. Kb5 Rb8+ 71. Kc6 Rbb7
72. Rg8 Rbc7+ 73. Kb5 Rh7 74. Kc4 Rh6 75. Re3 Rb7 76. Rd3 Rf7 77. Kb5 Rf4 78.
Kc6 c4 79. Re3 b3 80. Rd8 Rf1 81. Rb8 Rc1 82. Rf3 Rc2 83. Rg8 b2 84. Rb8 c3 85.
Rb4 Rh7 86. Rf8 Rc1 87. Rfb8 Rh6 88. R8b7 Ra1 89. Rc4 Ra6+ 90. Kb5 b1=Q+ 91.
Kxa6 Qa2+ 92. Kb5 Qb3+ 93. Rb4 Qxd5+ 94. Kb6 Qc5+ 95. Ka6 d5+ 96. R7b6 Rxb6+
97. Rxb6 Kxh3 98. Rg6 c2 99. Kb7 c1=Q 100. Rh6+ Qxh6 101. g5 Qe6 102. Ka8
102... Qec8# {POWERHOUSE checkmated} 0-1

[Event "ICS Rated blitz match"]
[Site "164.58.253.13"]
[Date "1999.03.22"]
[Round "?"]
[White "Hossa"]
[Black "POWERHOUSE"]
[Result "1/2-1/2"]
[WhiteElo "2076"]
[BlackElo "2118"]
[PlyCount "135"]

1. e4 c6 2. Nc3 d5 3. exd5 cxd5 4. Bb5+ Bd7 5. Nf3 Bxb5 6. Nxb5 Nf6 7. O-O a6
8. Nc3 d4 9. Ne2 Nc6 10. d3 e5 11. c3 Bc5 12. cxd4 exd4 13. Bd2 O-O 14. Rc1 Qd5
15. Nf4 Qd6 16. Qb3 b6 17. Qc4 Ng4 18. Rfe1 Nce5 19. Nxe5 Nxe5 20. Qa4 a5 21.
Qd1 Rfe8 22. Qh5 h6 23. Qf5 g6 24. Qh3 Kh7 25. Ne2 Qf8 26. f4 Nc6 27. f5 Rac8
28. f6 Re6 29. Ng3 Rxe1+ 30. Rxe1 Rd8 31. Ne4 h5 32. Nxc5 bxc5 33. Qf3 Qd6 34.
Qf4 Qxf4 35. Bxf4 Nb4 36. Rd1 Nd5 37. Bg5 Re8 38. a3 Re5 39. h4 Ne3 40. Rc1 Ng4
41. b3 Re2 42. g3 Rb2 43. Rxc5 Rb1+ 44. Kg2 Rxb3 45. Rxa5 Rxd3 46. Ra7 Kg8 47.
Ra8+ Kh7 48. Rf8 Rxa3 49. Rxf7+ Kg8 50. Rg7+ Kf8 51. Rd7 Ra2+ 52. Kf1 Ke8 53.
Rg7 Rc2 54. Rxg6 Rf2+ 55. Ke1 Rf5 56. Rg8+ Kf7 57. Rg7+ Ke6 58. Re7+ Kd5 59.
Rh7 Ke4 60. f7 Kd3 61. Bf4 Ra5 62. Kf1 Ra1+ 63. Kg2 Ra2+ 64. Kg1 Ra1+ 65. Kg2
Ra2+ 66. Kg1 Ra1+ 67. Kg2 Ra2+ 68. Kg1 {Game drawn by repetition} 1/2-1/2

[Event "ICS Rated blitz match"]
[Site "207.99.83.227"]
[Date "1999.03.22"]
[Round "?"]
[White "Hossa"]
[Black "BabyBach"]
[Result "1-0"]
[WhiteElo "2335"]
[BlackElo "856"]
[PlyCount "47"]

1. e4 b6 2. Nf3 a5 3. Bc4 a4 4. Nc3 Bb7 5. O-O Ra7 6. d3 Ba8 7. Nb5 Nc6 8. Nxa7
Nb4 9. c3 Qb8 10. Ne5 Nxa2 11. Bxf7+ Kd8 12. Bxa2 Qxa7 13. Nf7+ Kc8 14. Nxh8 e6
15. Bb3 g5 16. Qf3 Bd6 17. Rxa4 Qb8 18. Qf7 Nh6 19. Qxh7 Ng4 20. f3 Nxh2 21.
Rf2 Bc6 22. Ra1 Bg3 23. Rc2 Bb7 24. Qg8# {BabyBach checkmated} 1-0

[Event "ICS Rated blitz match"]
[Site "207.99.83.227"]
[Date "1999.03.22"]
[Round "?"]
[White "Hossa"]
[Black "Gromit211"]
[Result "1/2-1/2"]
[WhiteElo "2335"]
[BlackElo "2544"]
[PlyCount "159"]

1. e4 c6 2. Nc3 d5 3. exd5 cxd5 4. Bb5+ Nc6 5. Nf3 e6 6. O-O Nf6 7. Ne5 Bd7 8.
Nxd7 Nxd7 9. Re1 a6 10. Bxc6 bxc6 11. Qg4 Nf6 12. Qg3 c5 13. d3 Qb8 14. Qg5 h6
15. Qf4 Bd6 16. Qa4+ Kf8 17. Qh4 Qb4 18. Qxb4 cxb4 19. Ne2 Rc8 20. Nd4 Kg8 21.
Be3 Ng4 22. h3 Nxe3 23. fxe3 a5 24. Rac1 a4 25. c3 bxc3 26. Rxc3 Rxc3 27. bxc3
Kh7 28. c4 Rc8 29. Rf1 dxc4 30. dxc4 Kg6 31. Rc1 Ba3 32. Rc2 Bc5 33. Kf2 e5 34.
Nf3 Kf5 35. g4+ Ke6 36. Nd2 g6 37. Ne4 Be7 38. Ke2 f5 39. Nf2 e4 40. gxf5+ Kxf5
41. Ng4 h5 42. Nf2 g5 43. Nh1 Bd6 44. c5 g4 45. hxg4+ hxg4 46. Rc4 Rxc5 47.
Ng3+ Ke6 48. Rxc5 Bxc5 49. Nxe4 Be7 50. Kf2 Bb4 51. Kg2 Kf5 52. Ng3+ Ke5 53.
Kf2 Be7 54. Ke2 Bh4 55. Nf1 Kd5 56. Nd2 Bg3 57. Kf1 Ke5 58. Nb1 Bh4 59. Nc3 a3
60. Ke2 Be7 61. Kd3 g3 62. Ne2 g2 63. Ng1 Bh4 64. Nf3+ Kd5 65. e4+ Kd6 66. Ke3
Bg3 67. Ng1 Ke5 68. Kf3 Bf4 69. Ne2 Bd2 70. Kxg2 Kxe4 71. Kg3 Ke3 72. Ng1 Kd4
73. Nf3+ Kc3 74. Nxd2 Kxd2 75. Kf4 Kc3 76. Ke4 Kb2 77. Kd3 Kxa2 78. Kc2 Ka1 79.
Kb3 a2 80. Kc2 {Gromit211 stalemated} 1/2-1/2

[Event "ICS Rated blitz match"]
[Site "207.99.83.227"]
[Date "1999.03.22"]
[Round "?"]
[White "Gromit211"]
[Black "Hossa"]
[Result "1-0"]
[WhiteElo "2535"]
[BlackElo "2344"]
[Annotator "Crafty v16.6"]
[PlyCount "285"]

{annotating for player Hossa using a scoring margin of +0.10 pawns. search
time limit is 12.00} 1. c4 1... e5 2. Nc3 Nf6 3. e3 Be7 ({8:-0.16} 3... Be7 4.
Nf3 Nc6 5. Be2 O-O 6. O-O Bc5 7. Ng5 $10) ({8:+0.06} 3... Bb4 4. e4 Bxc3 5.
dxc3 O-O 6. Bg5 d6 7. Nf3 7... Nc6 $10) 4. d4 exd4 5. exd4 O-O 6. Nf3 Bb4 7.
Be2 Ne4 8. Bd2 Nxd2 9. Nxd2 Nc6 10. a3 Be7 11. Nb3 Re8 12. O-O d6 13. d5 Ne5
14. Nd4 Bf8 ({8:+0.26} 14... Bf8 15. Qd2 Bd7 16. Qf4 Ng6 17. Qd2 Qh4 18. Rae1
$10) ({8:+0.40} 14... Bh4 15. Re1 Qf6 16. g3 Qg6 17. Ndb5 Re7 18. Qd4 $15) 15.
f4 Nd7 16. b3 Nc5 17. b4 Qe7 18. Qd2 Ne4 19. Nxe4 Qxe4 20. Bf3 Qg6 21. Nb5 Re7
22. Rfe1 Qf6 23. Rxe7 Qxe7 24. Re1 Qd8 25. Qd3 a6 26. Nd4 Qh4 27. g3 Qd8 28.
Kg2 Qf6 29. h4 a5 30. Be4 axb4 31. axb4 g6 32. Qd2 Bg7 33. Bf3 Bd7 34. Nb3 b5
35. cxb5 Bxb5 36. Rc1 Ra3 37. Na5 Rd3 38. Qf2 Rc3 39. Re1 Qf5 40. Be4 Qd7 41.
Nc6 Bxc6 42. dxc6 Qc8 43. Bd5 Rd3 44. Qa2 Qf8 45. b5 Bc3 46. Re2 Bd4 47. Qc2
Re3 48. Rxe3 Bxe3 49. f5 gxf5 50. Qxf5 Kg7 51. Qg4+ Kh8 52. Qd7 Bb6 53. Qxf7
Qxf7 54. Bxf7 Kg7 55. Bd5 h6 56. g4 Bd4 57. Kf3 Kg6 58. Ke4 Bg1 59. Kf4 Bh2+
60. Ke3 Bg1+ 61. Ke4 Kf6 62. Bb3 Kg6 63. Kf3 Kf6 64. Kf4 Bh2+ 65. Ke4 Bg1 66.
Bc2 Bh2 67. b6 cxb6 68. Kd5 Ke7 69. g5 hxg5 70. hxg5 Be5 71. Bf5 Kd8 72. Bd3
Kc7 73. g6 Bg7 74. Bb5 Bc3 75. Bc4 Bh8 76. Bf1 Be5 77. Be2 Bh8 78. Bg4 b5 79.
Bf3 b4 80. Kc4 Bc3 81. Be4 Kd8 82. Bf5 Kc7 83. Bd7 Kb6 84. Be8 Kc7 85. Kb3 d5
86. Bd7 Kd6 87. Ka4 Kc7 88. Kb5 b3 89. Kc5 b2 90. Bf5 Be5 91. Kxd5 Bc3 92. Be4
Bg7 93. Ke6 b1=Q 94. Bxb1 Kxc6 95. Bc2 Kc7 96. Be4 Kd8 97. Kf7 Bh6 98. Bf5 Kc7
99. Bg4 Kd6 100. Bc8 Ke5 101. Bd7 Kf4 102. Be6 Kg3 103. Bc4 Kh3 104. Bd5 Kg4
105. Bg2 Kh4 106. Bc6 Kh5 107. Bf3+ Kg5 108. Be2 Kh4 109. Bd3 Kh5 110. Bf5 Kg5
111. Be4 Kf4 112. Bb7 Kg4 113. Bc8+ Kh4 114. Bd7 Kh5 115. Bc6 Kg5 116. Be8 Kh5
117. Bd7 Kg5 118. Bb5 Kh5 119. Bd3 Kg5 120. Bc2 Kh5 121. Be4 Kg5 122. Bb1 Kh5
123. Bc2 Kg5 124. Kg8 Kh5 125. Kh7 Kg5 126. Be4 Kh5 127. Bd5 Kg5 128. Bf7 Bf8
129. Be6 Kh5 130. Bd5 Kg5 131. Bc6 Kh5 132. Be8 Kg5 133. Kg8 Bh6 134. Bf7 Kh5
135. Kh7 Kg5 136. Bc4 Kh5 137. Bb5 Kg5 138. Bc6 Kh5 139. Be4 Kg5 140. Bf5 Kh5
141. Bc8 Kg5 142. Bg4 Bf8 143. Bf3 1-0

[Event "ICS rated blitz match"]
[Site "207.99.83.227"]
[Date "1999.03.22"]
[Round "?"]
[White "Hossa"]
[Black "newfisher"]
[Result "1-0"]
[WhiteElo "2336"]
[BlackElo "2041"]
[PlyCount "43"]

1. e4 c5 2. Bc4 Nc6 3. f4 e6 4. Nc3 Nge7 5. Nf3 d5 6. exd5 exd5 7. Bb3 d4 8.
Ne4 Nd5 9. O-O Be7 10. d3 O-O 11. Re1 Bg4 12. Qe2 Re8 13. Nxc5 Bxc5 14. Qxe8+
Qxe8 15. Rxe8+ Rxe8 16. Bxd5 Bxf3 17. Bxf3 Nb4 18. Bd2 Nxc2 19. Rc1 Bb4 20.
Rxc2 Bxd2 21. Rxd2 Re2 22. Rxe2 {newfisher resigns} 1-0

[Event "ICS rated blitz match"]
[Site "207.99.83.227"]
[Date "1999.03.22"]
[Round "?"]
[White "newfisher"]
[Black "Hossa"]
[Result "1/2-1/2"]
[WhiteElo "2036"]
[BlackElo "2341"]
[PlyCount "28"]

1. e4 c5 2. Nf3 Nc6 3. d4 cxd4 4. Nxd4 Qb6 5. Nf3 e6 6. Nc3 Bb4 7. Bd2 Bc5 8.
Qe2 Qxb2 9. Rb1 Qxc2 10. Rc1 Qb2 11. Rb1 Qc2 12. Rc1 Qb2 13. Rb1 Qc2 14. Rc1
14... Qb2 {Game drawn by repetition} 1/2-1/2

[Event "ICS rated blitz match"]
[Site "207.99.83.227"]
[Date "1999.03.22"]
[Round "?"]
[White "Hossa"]
[Black "Kob"]
[Result "1-0"]
[WhiteElo "2338"]
[BlackElo "2173"]
[PlyCount "111"]

1. e4 c5 2. Bc4 e6 3. Nc3 Nc6 4. Nf3 a6 5. d4 cxd4 6. Nxd4 Nf6 7. Nxc6 bxc6 8.
O-O d5 9. exd5 cxd5 10. Bb3 Bd6 11. Bg5 O-O 12. Qf3 h6 13. Bxf6 Qxf6 14. Qxf6
gxf6 15. Rad1 Bc5 16. Bxd5 exd5 17. Nxd5 Kg7 18. Nf4 Be6 19. Rfe1 Rad8 20. Rd3
Rxd3 21. Nxd3 Bd6 22. a3 Rc8 23. Re2 Bf5 24. Ne1 Be5 25. c3 Rd8 26. g3 Rd1 27.
h4 Bg4 28. Re4 h5 29. Kf1 Rb1 30. f4 Bd6 31. b4 Rc1 32. Rc4 Bb8 33. a4 Ba7 34.
b5 axb5 35. axb5 Rb1 36. Rb4 Rxb4 37. cxb4 Be6 38. Nc2 Bc4+ 39. Ke1 Bxb5 40.
Na3 Kg6 41. Nxb5 Bb6 42. Nd6 Bc7 43. Nc4 Kf5 44. b5 Kg4 45. Kf2 Kf5 46. Kf3 Bb8
47. Ne3+ Ke6 48. g4 hxg4+ 49. Kxg4 Kd6 50. Nf5+ Kc5 51. h5 Kxb5 52. h6 Kc4 53.
h7 Kd3 54. h8=Q Bc7 55. Qxf6 Ke4 56. Qd4# {Kob checkmated} 1-0

[Event "ICS rated blitz match"]
[Site "207.99.83.227"]
[Date "1999.03.22"]
[Round "?"]
[White "Hossa"]
[Black "Kob"]
[Result "0-1"]
[WhiteElo "2355"]
[BlackElo "2156"]
[Annotator "Crafty v16.6"]
[PlyCount "116"]

{annotating for player Hossa using a scoring margin of +0.10 pawns. search
time limit is 12.00} 1. e4 1... c5 2. Bc4 e6 3. Nc3 Nc6 4. Nf3 a6 5. d4 cxd4 6.
Nxd4 Nf6 7. Nxc6 bxc6 8. O-O d5 9. exd5 cxd5 10. Bb3 Bd6 11. Bg5 O-O 12. Qf3 ({
8:+0.07} 12. Qf3 12... Be5 13. Bf4 Qd6 14. Bxe5 Qxe5 15. Rad1 Rb8 16. Rfe1 $10)
({8:+0.21} 12. Re1 12... Rb8 13. Qf3 Bc7 14. Bf4 d4 15. Rad1 15... Bb7 $10)
12... h6 13. Bxf6 ({8:-0.09} 13. Bxf6 13... Qxf6 14. Qxf6 gxf6 15. Rfe1 Rb8 16.
Rad1 f5 17. Rd4 17... f6 $10) ({8:+0.15} 13. Bf4 13... Bxf4 14. Qxf4 Nh5 15.
Qe5 Qg5 16. Rae1 Qxe5 17. Rxe5 17... f5 $10) 13... Qxf6 14. Qxf6 gxf6 15. Rad1
Bc5 16. Bxd5 exd5 17. Nxd5 Kg7 18. b4 Ba7 19. Nc7 Rb8 20. a3 Bb7 21. Rd6 Rbd8
22. Rxd8 Rxd8 23. b5 axb5 24. Nxb5 Bc5 25. c3 Rd2 26. h3 Bd5 27. Nd4 Bxd4 28.
cxd4 Rxd4 29. Ra1 Rd2 30. a4 Ra2 31. Rxa2 Bxa2 32. a5 Bc4 33. f4 f5 34. g3 Kf6
35. Kf2 Ke6 36. Kf3 Ba6 37. Kf2 h5 38. Kf3 Kd5 39. Ke3 Bb5 40. Kf3 Kd4 41. Kg2
Ke3 42. a6 Bxa6 43. h4 Ke2 44. g4 fxg4 45. f5 f6 46. Kg3 Ke3 47. Kg2 Kf4 48.
Kf2 Kxf5 49. Kg3 Bb5 50. Kf2 Kf4 51. Kg2 g3 52. Kg1 Kf3 53. Kh1 g2+ 54. Kg1 Ba6
55. Kh2 Kf2 56. Kh3 Bc8+ 57. Kh2 g1=B+ 58. Kh1 Bb7# 0-1

[Event "ICS Rated blitz match"]
[Site "207.99.83.227"]
[Date "1999.03.22"]
[Round "?"]
[White "Byzantine"]
[Black "Hossa"]
[Result "0-1"]
[WhiteElo "2073"]
[BlackElo "2331"]
[PlyCount "56"]

1. e4 e5 2. Nf3 Nc6 3. Bb5 a6 4. Ba4 Nf6 5. O-O b5 6. Bb3 Be7 7. d4 exd4 8. e5
Ng4 9. Bd5 f6 10. h3 Ngxe5 11. Nxe5 fxe5 12. Bxc6 dxc6 13. Qh5+ g6 14. Qxe5 O-O
15. Bh6 Rf7 16. Nd2 Bf6 17. Qe4 Bxh3 18. gxh3 Bg5 19. Bxg5 Qxg5+ 20. Kh2 Qxd2
21. Kg2 Raf8 22. Rad1 Rxf2+ 23. Kg1 Qg5+ 24. Qg4 Rxf1+ 25. Rxf1 Rxf1+ 26. Kxf1
Qc1+ 27. Kf2 Qxc2+ 28. Qe2 28... d3 {Byzantine resigns} 0-1

[Event "ICS Rated blitz match"]
[Site "207.99.83.227"]
[Date "1999.03.22"]
[Round "?"]
[White "Hossa"]
[Black "Byzantine"]
[Result "1-0"]
[WhiteElo "2337"]
[BlackElo "2067"]
[PlyCount "95"]

1. e4 c6 2. Nc3 d5 3. exd5 cxd5 4. Bb5+ Nc6 5. Nf3 Bg4 6. O-O e6 7. Re1 Bd6 8.
d3 Nge7 9. h3 Bh5 10. g4 Bg6 11. h4 h5 12. g5 O-O 13. Be3 a6 14. Bxc6 Nxc6 15.
Na4 Bc7 16. Nc5 b6 17. Nb3 Qd6 18. Nbd4 Nxd4 19. Bxd4 Bf5 20. Be5 Qc6 21. Nd4
Qb7 22. Nxf5 exf5 23. Qxh5 Bxe5 24. Rxe5 g6 25. Qh6 Rfe8 26. Rxe8+ Rxe8 27. h5
Re6 28. b3 d4 29. hxg6 fxg6 30. Kf1 Qf3 31. Re1 Rxe1+ 32. Kxe1 Qc6 33. Kd1 a5
34. Qh2 a4 35. Qb8+ Kf7 36. Qa7+ Ke6 37. Qg7 Qf3+ 38. Ke1 Qh5 39. Qxd4 axb3 40.
Qxb6+ Ke5 41. Qe3+ Kd5 42. axb3 Qh1+ 43. Kd2 Qa1 44. b4 Qb2 45. Qb6 f4 46. Qd8+
Ke5 47. Qf6+ Kd5 48. Qxb2 {Byzantine resigns} 1-0

[Event "ICS rated blitz match"]
[Site "207.99.83.227"]
[Date "1999.03.22"]
[Round "?"]
[White "Hossa"]
[Black "Gromit211"]
[Result "0-1"]
[WhiteElo "2343"]
[BlackElo "2527"]
[Annotator "Crafty v16.6"]
[PlyCount "108"]

{annotating for player Hossa using a scoring margin of +0.10 pawns. search
time limit is 12.00} 1. e4 1... e6 2. d4 d5 3. Nc3 dxe4 4. Nxe4 Qd5 5. Nc3 Bb4
6. Nf3 ({8:+0.00} 6. Nf3 6... Nf6 7. Bd2 Bxc3 8. Bxc3 O-O 9. Be2 Ne4 10. O-O
Nxc3 11. bxc3 $10) ({8:+0.26} 6. Qg4 6... Kf8 7. Bd2 Qd8 8. Bg5 Nf6 9. Nf3 Nxg4
10. Bxd8 $10) 6... Nf6 7. Bd3 ({8:-0.23} 7. Bd3 7... Ne4 8. Bd2 Bxc3 9. bxc3
Nxd2 10. Qxd2 O-O 11. O-O $10) ({8:+0.00} 7. Qd2 7... Qa5 8. Bd3 Nd5 9. O-O
Bxc3 10. bxc3 Qxc3 11. Bb5+ 11... Nc6 $10) 7... Bxc3+ 8. bxc3 O-O 9. Ba3 Re8
10. O-O Nc6 11. Re1 b5 12. Bc5 a6 13. Ne5 Na5 14. Qd2 ({8:+0.51} 14. Qd2 14...
Bb7 15. Qg5 h6 16. Qg3 Rad8 17. a4 17... Nh5 $14) ({8:+0.85} 14. Ng4 14... Qg5
15. Nxf6+ Qxf6 16. Qh5 g6 17. Qh6 Qg7 18. Qg5 18... Bb7 $16) 14... Bb7 15. Qg5
({8:+0.42} 15. Qg5 15... h6 16. Qg3 Nc4 17. Bxc4 bxc4 18. Ng4 Nxg4 19. Qxg4
19... Rab8 $14) ({8:+0.81} 15. f3 15... h6 16. Qf4 c6 17. Bb6 Nc4 18. Nxc4 bxc4
19. Re5 $16) 15... Nc4 16. Bxc4 bxc4 17. f3 Nd7 18. Qf4 Nxe5 19. Rxe5 Qd7 20.
Rg5 h6 21. Rg4 f5 22. Rg3 Kh8 23. Qe5 Rab8 24. Rb1 Bd5 25. Rxb8 Rxb8 26. Bb4
Kh7 27. a3 Bc6 28. Qe1 Re8 29. Qe2 Qd5 30. Bc5 e5 31. Qd2 e4 32. fxe4 Qxe4 33.
Qf2 Qe1+ 34. Qf1 f4 35. Rf3 Bxf3 36. Qxe1 Rxe1+ 37. Kf2 Re3 38. d5 Rxc3 39. Bb4
Rxc2+ 40. Kxf3 g5 41. h4 Kg6 42. hxg5 hxg5 43. g3 Kf5 44. gxf4 gxf4 45. Ba5 c3
46. Bxc7 Rf2+ 47. Kxf2 c2 48. d6 c1=Q 49. Kg2 Qd2+ 50. Kf3 Qe3+ 51. Kg2 Qg3+
52. Kf1 f3 53. a4 Qg2+ 54. Ke1 Qe2# 0-1

[Event "ICS Rated blitz match"]
[Site "207.99.83.227"]
[Date "1999.03.22"]
[Round "?"]
[White "JUNIORE"]
[Black "Hossa"]
[Result "0-1"]
[WhiteElo "2135"]
[BlackElo "2335"]
[PlyCount "96"]

1. c4 e5 2. Nc3 Nf6 3. Nf3 Nc6 4. g3 Bc5 5. d3 d5 6. cxd5 Nxd5 7. Bg2 O-O 8.
O-O Bf5 9. Nxd5 Qxd5 10. Nh4 Qe6 11. Nxf5 Qxf5 12. Bxc6 bxc6 13. a3 Rab8 14. b4
Bd4 15. Rb1 c5 16. e3 Bc3 17. Bb2 cxb4 18. Bxc3 bxc3 19. Qc2 Rxb1 20. Rxb1 Rd8
21. Qxc3 a6 22. Qxc7 Qxd3 23. Rb8 Qd1+ 24. Kg2 Qd5+ 25. f3 Qd2+ 26. Kh3 Rf8 27.
Qc8 Qd6 28. Qxf8+ Qxf8 29. Rxf8+ Kxf8 30. Kg4 g6 31. f4 exf4 32. gxf4 f5+ 33.
Kf3 Ke7 34. Ke2 Kd6 35. Kd3 Kd5 36. a4 h6 37. h3 g5 38. fxg5 hxg5 39. a5 Kc5
40. e4 f4 41. Ke2 Kd4 42. Kf3 Ke5 43. Kg4 Kxe4 44. Kxg5 f3 45. h4 f2 46. h5
f1=Q 47. h6 Qf5+ 48. Kh4 48... Kf4 {JUNIORE resigns} 0-1

[Event "ICS Rated blitz match"]
[Site "207.99.83.227"]
[Date "1999.03.22"]
[Round "?"]
[White "Gromit211"]
[Black "Hossa"]
[Result "1/2-1/2"]
[WhiteElo "2563"]
[BlackElo "2343"]
[PlyCount "88"]

1. d4 Nf6 2. c4 g6 3. f3 Bg7 4. e4 d6 5. Nc3 O-O 6. Be3 e5 7. Nge2 Nbd7 8. Bg5
b6 9. d5 Bb7 10. Ng3 Rc8 11. Bd3 Nc5 12. b4 Nxd3+ 13. Qxd3 a5 14. bxa5 bxa5 15.
Rb1 Ba6 16. O-O Qe7 17. Nb5 Ra8 18. Rb3 Rfc8 19. Rfb1 Rd8 20. a4 Qd7 21. Bd2
Bc8 22. Be3 Ra6 23. Qc3 c6 24. dxc6 Qxc6 25. Nf1 Be6 26. Nd2 Nd7 27. R3b2 Nb6
28. Na7 Qxa4 29. Bxb6 Ra8 30. Bf2 R6xa7 31. Bxa7 Rxa7 32. Rb8+ Bf8 33. Ra1 Qc6
34. Rxa5 Rxa5 35. Qxa5 Bxc4 36. Nxc4 Qxc4 37. Qa8 Qc1+ 38. Kf2 Qd2+ 39. Kf1
Qd1+ 40. Kf2 Qd2+ 41. Kg3 Qg5+ 42. Kh3 Qh5+ 43. Kg3 Qg5+ 44. Kf2 44... Qd2+ {
Game drawn by repetition} 1/2-1/2

[Event "ICS rated blitz match"]
[Site "207.99.83.227"]
[Date "1999.03.22"]
[Round "?"]
[White "Hossa"]
[Black "Gromit211"]
[Result "1/2-1/2"]
[WhiteElo "2352"]
[BlackElo "2554"]
[PlyCount "227"]

1. e4 e6 2. d4 d5 3. Nc3 Bb4 4. exd5 exd5 5. Bd3 Nc6 6. Nge2 Nge7 7. O-O Bf5 8.
Bxf5 Nxf5 9. Qd3 Bxc3 10. Nxc3 Nfe7 11. Bf4 O-O 12. Rae1 Re8 13. Re2 a5 14.
Rfe1 Ra6 15. Nb5 Nb4 16. Qa3 Rc6 17. Bxc7 Rxc7 18. Qxa5 Nxc2 19. Qxc7 Nxe1 20.
Qxd8 Rxd8 21. Rxe7 Nd3 22. Rxb7 Nxb2 23. Nc3 Nd3 24. Nxd5 Kf8 25. Ne3 Nf4 26.
Kf1 Ra8 27. g3 Ne6 28. d5 Nc5 29. Rc7 Ne4 30. Rc2 Nd6 31. h4 Ke7 32. g4 h6 33.
Re2 Kd7 34. f3 g6 35. g5 hxg5 36. hxg5 Ra3 37. Kf2 Ra5 38. Ng4 Nc4 39. Rc2 Nb6
40. Nf6+ Kd8 41. Rd2 Nd7 42. Nxd7 Kxd7 43. f4 Kd6 44. Kf3 Ra3+ 45. Ke4 Ra4+ 46.
Ke3 Ra3+ 47. Rd3 Rxa2 48. Kf3 Ra5 49. Ke4 Rc5 50. f5 Rc4+ 51. Ke3 Rg4 52. fxg6
fxg6 53. Rd4 Rxg5 54. Kf4 Rg1 55. Rd3 Kd7 56. Ke5 Re1+ 57. Kd4 Kd6 58. Rd2 Re5
59. Kc4 Re4+ 60. Kc3 g5 61. Rd1 Rg4 62. Kb3 Rg2 63. Kc4 g4 64. Ra1 Rc2+ 65. Kd4
g3 66. Ra6+ Kd7 67. Rg6 g2 68. Ke3 Ke8 69. Rg7 Kf8 70. Rg5 Ke7 71. Ke4 Kf6 72.
Rg8 Kf7 73. Rg3 Rf2 74. Ke3 Rc2 75. Kd3 Ra2 76. Kc4 Kf6 77. d6 Ke6 78. Rg6+ Kd7
79. Kc5 Rc2+ 80. Kd5 Rd2+ 81. Kc5 Ke8 82. Rg7 Rc2+ 83. Kd5 Kf8 84. Rg3 Rd2+ 85.
Ke6 Re2+ 86. Kf6 Ke8 87. Rg7 Rf2+ 88. Ke6 Kf8 89. Rg5 Re2+ 90. Kd7 Kf7 91. Rg3
Rc2 92. Kd8 Ke6 93. d7 Kf7 94. Rg4 Kf8 95. Rg5 Kf7 96. Rg3 Kf8 97. Rg4 Kf7 98.
Rg5 Ra2 99. Kc7 Rc2+ 100. Kd6 Rd2+ 101. Kc6 Rc2+ 102. Kb7 Ke7 103. Rg7+ Kd8
104. Kb6 Rf2 105. Kc6 Rf6+ 106. Kd5 Rf1 107. Rxg2 Kxd7 108. Rh2 Rd1+ 109. Ke5
Ra1 110. Rg2 Kc6 111. Rh2 Kd7 112. Rg2 Kc6 113. Rh2 Kd7 114. Rg2 {
Game drawn by repetition} 1/2-1/2

[Event "ICS rated bullet match"]
[Site "207.99.83.227"]
[Date "1999.03.22"]
[Round "?"]
[White "Barcus"]
[Black "Hossa"]
[Result "0-1"]
[WhiteElo "1309"]
[BlackElo "2439"]
[PlyCount "36"]

1. d4 Nf6 2. c4 g6 3. e3 Bg7 4. Nf3 d5 5. Nc3 O-O 6. Bd3 dxc4 7. Bxc4 Bg4 8.
Be2 Nbd7 9. O-O Re8 10. Bd2 e5 11. d5 Nc5 12. Bc1 e4 13. Nd2 Bxe2 14. Qxe2 Nxd5
15. Nxd5 Qxd5 16. Nc4 Rad8 17. Rd1 Qxd1+ 18. Qxd1 18... Rxd1# {
Barcus checkmated} 0-1